000 00530nam a2200181Ia 4500
008 090124s9999 xx 000 0 und d
082 _b10489
100 _aMILLER MERLE
245 _aPLAIN SPEAKING AN ORAL BIOGRAPHY OF HARRYBS. TRUMAN
250 _a0
260 _bBERKLEY PUB. CORPORATION
_c1974
300 _a479
600 _aMILLER MERLE
630 _aPLAIN SPEAKING AN ORAL BIOGRAPHY OF HARRYBS. TRUMAN
700 _aMILLER MERLE
730 _aPLAIN SPEAKING AN ORAL BIOGRAPHY OF HARRYBS. TRUMAN
942 _cBOOK
999 _c86830
_d86830